<?xml version="1.0" encoding="UTF-8"?>
<record
    xmlns:xsi="http://www.w3.org/2001/XMLSchema-instance"
    xsi:schemaLocation="http://www.loc.gov/MARC21/slim http://www.loc.gov/standards/marcxml/schema/MARC21slim.xsd"
    xmlns="http://www.loc.gov/MARC21/slim">

  <leader>02588nam a2200313 i 4500</leader>
  <controlfield tag="003">CSPC</controlfield>
  <controlfield tag="005">20260323105452.0</controlfield>
  <controlfield tag="008">260323c        ph  r    i    00  0 eng d</controlfield>
  <datafield tag="022" ind1=" " ind2=" ">
    <subfield code="a">1655-5236</subfield>
  </datafield>
  <datafield tag="040" ind1=" " ind2=" ">
    <subfield code="a">CSPC</subfield>
    <subfield code="b">eng</subfield>
    <subfield code="c">CSPC</subfield>
    <subfield code="e">rda</subfield>
  </datafield>
  <datafield tag="245" ind1="0" ind2="0">
    <subfield code="b"> </subfield>
    <subfield code="a">Measuring willingness to pay for electricity.</subfield>
  </datafield>
  <datafield tag="264" ind1=" " ind2="1">
    <subfield code="a">Manila : </subfield>
    <subfield code="b">Asian Development Bank, </subfield>
    <subfield code="c">2002.</subfield>
  </datafield>
  <datafield tag="300" ind1=" " ind2=" ">
    <subfield code="a">volumes : </subfield>
    <subfield code="b">illustration ; </subfield>
    <subfield code="c">28 cm. </subfield>
  </datafield>
  <datafield tag="336" ind1=" " ind2=" ">
    <subfield code="2">rdacontent </subfield>
    <subfield code="a">text</subfield>
  </datafield>
  <datafield tag="337" ind1=" " ind2=" ">
    <subfield code="2">rdamedia</subfield>
    <subfield code="a">unmediated</subfield>
  </datafield>
  <datafield tag="338" ind1=" " ind2=" ">
    <subfield code="2">rdacarrier</subfield>
    <subfield code="a">volume </subfield>
  </datafield>
  <datafield tag="362" ind1=" " ind2=" ">
    <subfield code="a">2002, Number 3</subfield>
  </datafield>
  <datafield tag="490" ind1=" " ind2="1">
    <subfield code="a">ERD technical note series no.3 economics and research department </subfield>
  </datafield>
  <datafield tag="504" ind1=" " ind2=" ">
    <subfield code="a">Includes bibliographical references </subfield>
  </datafield>
  <datafield tag="505" ind1="0" ind2=" ">
    <subfield code="a">Introduction -- Derivation of the electricity demand function -- The household demand for electricity --The firms demand for electricity -- A functional form for the demand for electricity -- An illustrative example -- Conclusins -- Appendix -- References. </subfield>
  </datafield>
  <datafield tag="520" ind1="3" ind2=" ">
    <subfield code="a">The measurement of willingness to pay for electricity relies critically on a reliable estimate of the demands for electricity function. However, standard microeconomic theory falls short in providing a plausible framework within which such estimation could be made, at least in the case of electricity. Empirical work to date generally tends to assume that the demand for electricity has no satiation point. Many electricity demand models assume a constant price elasticity, which implies infinite demand at low prices. Many demand models also do not allow for the possibility of goods at zero price because the price variable is in logarithmic form for which zero is undefined. The purpose of this technical note is to propose a plausible functional form for the demand for electricity. The proposed functional form is consistent with two properties of electricity demand functions for households and firms, namely, the negative relationship between price and quantity, and the finiteness of demand at zero price. The technical note also demonstrates that this functional form of the demand function leads to easily estimable economic benefits of electricity.</subfield>
  </datafield>
  <datafield tag="650" ind1=" " ind2="4">
    <subfield code="a">Willingness to pay</subfield>
    <subfield code="x">Periodicals. </subfield>
  </datafield>
  <datafield tag="650" ind1=" " ind2="4">
    <subfield code="a">Electric utilitie</subfield>
    <subfield code="2">Rates</subfield>
    <subfield code="x">Periodicals. </subfield>
  </datafield>
  <datafield tag="650" ind1=" " ind2="4">
    <subfield code="a">Energy consumption</subfield>
    <subfield code="2">Economic aspects</subfield>
    <subfield code="x">Periodicals. </subfield>
  </datafield>
  <datafield tag="650" ind1=" " ind2="4">
    <subfield code="a">Consumer behavior</subfield>
    <subfield code="x">Periodicals. </subfield>
  </datafield>
  <datafield tag="700" ind1=" " ind2="1">
    <subfield code="a">Choynowski, Peter., </subfield>
    <subfield code="e">editor. </subfield>
  </datafield>
  <datafield tag="942" ind1=" " ind2=" ">
    <subfield code="2">ddc</subfield>
    <subfield code="n">0</subfield>
    <subfield code="c">SERIALS</subfield>
    <subfield code="h">333.793</subfield>
    <subfield code="i">M463</subfield>
    <subfield code="k">SER</subfield>
    <subfield code="m">2002</subfield>
  </datafield>
  <datafield tag="952" ind1=" " ind2=" ">
    <subfield code="0">0</subfield>
    <subfield code="1">0</subfield>
    <subfield code="2">ddc</subfield>
    <subfield code="4">0</subfield>
    <subfield code="7">1</subfield>
    <subfield code="a">CSPC</subfield>
    <subfield code="b">CSPC</subfield>
    <subfield code="c">SER</subfield>
    <subfield code="d">2026-03-23</subfield>
    <subfield code="h">2002, Number 3 </subfield>
    <subfield code="l">0</subfield>
    <subfield code="o">Ser BUSS 13 n.3 2002</subfield>
    <subfield code="p">01681S</subfield>
    <subfield code="r">2026-03-23 10:57:25</subfield>
    <subfield code="t">1-5</subfield>
    <subfield code="w">2026-03-23</subfield>
    <subfield code="y">SERIALS</subfield>
    <subfield code="z">Journal</subfield>
  </datafield>
  <datafield tag="952" ind1=" " ind2=" ">
    <subfield code="0">0</subfield>
    <subfield code="1">0</subfield>
    <subfield code="2">ddc</subfield>
    <subfield code="4">0</subfield>
    <subfield code="7">1</subfield>
    <subfield code="a">CSPC</subfield>
    <subfield code="b">CSPC</subfield>
    <subfield code="c">SER</subfield>
    <subfield code="d">2026-03-23</subfield>
    <subfield code="h">2002, Number 3 </subfield>
    <subfield code="l">0</subfield>
    <subfield code="o">Ser BUSS 13 n.3 2002</subfield>
    <subfield code="p">01682S</subfield>
    <subfield code="r">2026-03-23 10:58:57</subfield>
    <subfield code="t">2-5</subfield>
    <subfield code="w">2026-03-23</subfield>
    <subfield code="y">SERIALS</subfield>
    <subfield code="z">Journal</subfield>
  </datafield>
  <datafield tag="952" ind1=" " ind2=" ">
    <subfield code="0">0</subfield>
    <subfield code="1">0</subfield>
    <subfield code="2">ddc</subfield>
    <subfield code="4">0</subfield>
    <subfield code="7">1</subfield>
    <subfield code="a">CSPC</subfield>
    <subfield code="b">CSPC</subfield>
    <subfield code="c">SER</subfield>
    <subfield code="d">2026-03-23</subfield>
    <subfield code="h">2002, Number 3 </subfield>
    <subfield code="l">0</subfield>
    <subfield code="o">Ser BUSS 13 n.3 2002</subfield>
    <subfield code="p">01683S</subfield>
    <subfield code="r">2026-03-23 10:59:30</subfield>
    <subfield code="t">3-5</subfield>
    <subfield code="w">2026-03-23</subfield>
    <subfield code="y">SERIALS</subfield>
    <subfield code="z">Journal</subfield>
  </datafield>
  <datafield tag="952" ind1=" " ind2=" ">
    <subfield code="0">0</subfield>
    <subfield code="1">0</subfield>
    <subfield code="2">ddc</subfield>
    <subfield code="4">0</subfield>
    <subfield code="7">1</subfield>
    <subfield code="a">CSPC</subfield>
    <subfield code="b">CSPC</subfield>
    <subfield code="c">SER</subfield>
    <subfield code="d">2026-03-23</subfield>
    <subfield code="h">2002, Number 3 </subfield>
    <subfield code="l">0</subfield>
    <subfield code="o">Ser BUSS 13 n.3 2002</subfield>
    <subfield code="p">01684S</subfield>
    <subfield code="r">2026-03-23 11:00:20</subfield>
    <subfield code="t">4-5</subfield>
    <subfield code="w">2026-03-23</subfield>
    <subfield code="y">SERIALS</subfield>
    <subfield code="z">Journal</subfield>
  </datafield>
  <datafield tag="952" ind1=" " ind2=" ">
    <subfield code="0">0</subfield>
    <subfield code="1">0</subfield>
    <subfield code="2">ddc</subfield>
    <subfield code="4">0</subfield>
    <subfield code="7">1</subfield>
    <subfield code="a">CSPC</subfield>
    <subfield code="b">CSPC</subfield>
    <subfield code="c">SER</subfield>
    <subfield code="d">2026-03-23</subfield>
    <subfield code="h">2002, Number 3 </subfield>
    <subfield code="l">0</subfield>
    <subfield code="o">Ser BUSS 13 n.3 2002</subfield>
    <subfield code="p">01685S</subfield>
    <subfield code="r">2026-03-23 11:01:49</subfield>
    <subfield code="t">5-5</subfield>
    <subfield code="w">2026-03-23</subfield>
    <subfield code="y">SERIALS</subfield>
    <subfield code="z">Journal</subfield>
  </datafield>
  <datafield tag="999" ind1=" " ind2=" ">
    <subfield code="c">32148</subfield>
    <subfield code="d">32148</subfield>
  </datafield>
</record>
